1428 1201 1931 1305 1734 1011 1443 1501 1379 1701 1716 1036 1225 1650 1752 1225 1854 1363 1152 1384 1770 1806 1612 1162 1276 1267 1386 1822 1451 1762 1103 1382 1414 1740 1413 1452 1519 1397 1566 1122 1423 1834 1694 1420 1127 1347 1169 1187 1474 1149 1051 1071 1860 1702 1027 1266 1214 1259 1756 1052 1861 1113 1128 1613 1227 1490 1364 1850 1029 1649 1376 1507 1015 1498 1445 1653 1951 1335 1066 1681 1711 1573 1733 1298 1974 1820 1863 1940 1092 1648 1989 1842 1066 1016 1126 1427 1870 1913 1422 BCNSPRNW ULIB Ver.6.0+V

เปลี่ยนเป็นภาษาไทย

Change to English
 แสดงรายละเอียดบรรณานุกรม
  กลับหน้าหลัก

Brief Record : Get Marc (ISO 2709) : E-mail record : QR code < ปิดหน้าต่าง
LEADER : 00000nam 2200000uu 4500
001    13399121757
003     ULIB
008    121204s2551||||th 000 0 tha d
020    ^a9789745985438
060 04 ^aWR15^bว336ศ
100 0  ^aวรุณวรรณ ผาโคตร
245 10 ^aศัพท์ : ผิวหนัง ความงามและสุขภาพ =^bVocabulary in skin Beauty and Health /^cวรุณวรรณ ผาโคตร,สิรนาถ นุชนาถ
246 31 ^aVocabulary in skin Beauty and Health
250    ^aพิมพ์ครั้งที่ 1
260    ^aกรุงเทพฯ :^bเค. เอส. พี.,^c2551
300    ^a301 หน้า
650  2 ^aBeauty and Health^xDictionaries
650  2 ^aMedicine^xDictionaries
700 00 ^aสิรนาถ นุชนาถ,^eผู้แต่งร่วม
945    ^p199^l0^i16435
995    ^a ทศพร
999    ^aทศพร เกษรทอง
รายการนี้ยังไม่มีแท็ก
คุณยังไม่ได้ล็อกอิน คุณสามารถมีกิจกรรมร่วมกับเว็บไซต์ได้ แต่ต้องล็อกอินก่อน ::
  ล็อกอิน

รายการสื่อสารสนเทศ

ลำดับที่ ประเภท เลขเรียก/บาร์โค้ด สถานที่ สถานะ
1. วิทยาศาสตร์การแพทย์ และสุขภาพ
วิทยาศาสตร์การแพทย์ และสุขภาพ
WR15 ว336ศ ฉ.1 
  Barcode: 16435
ห้องสมุดวิทยาเขตสวรรค์ประชารักษ์
►ส่วนจัดเก็บหนังสือเก่า สปร
บนชั้น
  ขอยืม

รายการใกล้เคียง
    ผู้แต่ง [วรุณวรรณ ผาโคตร]

    หัวเรื่อง [Medicine Dictionaries]

BibComment


ยังไม่เคยถูกคอมเมนท์

คอมเมนท์ทรัพยากรรายการนี้
  คอมเมนท์: ศัพท์ ผิวหนัง ค..


 Copyright 2026. Bcnsprnw @Library